| 000 | 01274cad a22002295a 4500 | ||
|---|---|---|---|
| 001 | L139520 | ||
| 008 | 070730s2007 si d f s 000 0 eng d | ||
| 035 | _a(Sirsi) u139520 | ||
| 041 | 0 | _aeng | |
| 050 | 0 | 4 | _a333.336 $2 18 |
| 110 | 2 |
_aColliers International Property Consultants _91881 |
|
| 245 | 0 | 0 |
_aAsia Pacific industrial market overview _h[electronic resource] |
| 260 |
_aSingapore _bColliers _c2007 |
||
| 490 | 0 |
_aColliers Asia Pacific Industrial Market Overview _vMay 2007 |
|
| 520 | _aProvides an overview of the industrial markets of 13 cities in eight countries (Australia, China, Hong Kong SAR, India, Indonesia, Japan, New Zealand and Singapore) for the review period of October 2006 to March 2007. Also provides a comparison of industrial real estate costs. Reveals that the demand in industrial property markets across Asia Pacific continued to strengthen, boosted by the growth of the logistics and distribution, and research and development sectors. | ||
| 590 | _aKA | ||
| 650 | 2 | 4 | _aCOLLIERS ASIA PACIFIC INDUSTRIAL MARKET OVERVIEW |
| 651 | 4 | _aInternational | |
| 690 | _aPROPERTY-COMMERCIAL PROPERTY-COMMERCIAL PROPERTY MARKET | ||
| 856 | 4 | 0 |
_uhttps://www.colliers.com _zView the market overview free of charge at www.colliers.com... |
| 942 | _n0 | ||
| 999 |
_c107310 _d107310 |
||